000
00266nam a2200109Ia 4500
008
230907s9999||||xx |||||||||||||| ||und||
082
_a
306.2
_b
LEG
245
0
_a
Politics and social theory :
260
_a
Palgrave,
_b
London :
_c
2017
300
_a
184 p.
942
_c
BK
999
_c
600160
_d
600160